how to train your dragon (Record no. 8238)

MARC details
000 -LEADER
fixed length control field 00911nam a22002057a 4500
003 - CONTROL NUMBER IDENTIFIER
control field OSt
005 - DATE AND TIME OF LATEST TRANSACTION
control field 20260204015807.0
008 - FIXED-LENGTH DATA ELEMENTS--GENERAL INFORMATION
fixed length control field 260204b |||||||| |||| 00| 0 eng d
020 ## - INTERNATIONAL STANDARD BOOK NUMBER
International Standard Book Number 9780316156004
040 ## - CATALOGING SOURCE
Original cataloging agency DWCL GS library
Transcribing agency OC
082 ## - DEWEY DECIMAL CLASSIFICATION NUMBER
Classification number Fic. C874h 2005
100 ## - MAIN ENTRY--PERSONAL NAME
Personal name Cowell, Cressida
245 ## - TITLE STATEMENT
Title how to train your dragon
Remainder of title : book 3 how to speak dragonese
260 ## - PUBLICATION, DISTRIBUTION, ETC.
Place of publication, distribution, etc. New York
Name of publisher, distributor, etc. Hachette Book Group
Date of publication, distribution, etc. c2005
300 ## - PHYSICAL DESCRIPTION
Extent 221
Other physical details illustrations
Dimensions 19cm
520 ## - SUMMARY, ETC.
Summary, etc. Hiccup and Fishlegs accidentally board a Roman ship during a training exercise, discovering a plot to steal the dragons of Berk and start a war. Toothless is captured, and Hiccup’s crucial Dragonese book is torn in half. Hiccup must use his skills to rescue his dragon and stop the Romans.
546 ## - LANGUAGE NOTE
Language note English
700 ## - ADDED ENTRY--PERSONAL NAME
Personal name Cressida Cowell
942 ## - ADDED ENTRY ELEMENTS (KOHA)
Source of classification or shelving scheme Dewey Decimal Classification
Koha item type Fiction
Classification part Fic. C874h 2005
Suppress in OPAC No
952 ## - LOCATION AND ITEM INFORMATION (KOHA)
--
952 ## - LOCATION AND ITEM INFORMATION (KOHA)
--
Holdings
Withdrawn status Lost status Source of classification or shelving scheme Damaged status Not for loan Home library Current library Shelving location Date acquired Source of acquisition Total Checkouts Full call number Barcode Date last seen Price effective from Koha item type Uniform Resource Identifier
    Dewey Decimal Classification     College Library Grade School Library Fiction 02/04/2026 School Fund, Donation   Fic. C874h 2005 20923 02/04/2026 02/04/2026 FIC.
    Dewey Decimal Classification     Grade School Library Grade School Library Fiction 02/04/2026 School Fund, Donation   Fic. C874h 2005 20982 02/04/2026 02/04/2026 FIC.